02877nam a2200349 a 450000500170000000800410001702000180005804000350007604100080011104400070011908200180012624504110014426001540055530000550070950003410076450400600110550505070116565000890167265000810176165100810184270000290192370000320195270000280198470000330201270000430204570000470208894200150213594900120215099900170216295201740217995201740235320150828132506.0130606s2008 ck a gr 000 0dspa d a9789589782682 aCO-BoBLA cCO-BoBLAdCO-BoIAVH0 aspa ack04a639.34 bF19c00aContribución a la gestión sostenible y al conocimiento biológico y socio económico de la cadena de valor de peces ornamentales de Puerto Carreño :breserva de biósfera el Tuparro (Vichada-Colombia) / cHernando Ramírez Gil ... [et al.] ; editoras Patricia Falla Ramírez, Johanna Poveda Rocha ; fotografía Rosa Elena Ajiaco M. ... [et al.] ; ilustraciones y gráficos Luisa Fda. Cuervo G. aBogotá : bFundación Omacha Colombia ; aVillavicencio : bFundación Horizonte Verde : bFondo para la Acción Ambiental y la Niñez, c2008. a125 p.bilustraciones, gráficas y tablasc24 cm. aEn el marco del Proyecto Pijiwi Orinoko "Incremento y consolidación de áreas protegidas y generación de alternativas económicas sostenibles enfocadas en la pesca ornamental y el ecoturismo en la Reserva de Biósfera El Tuparro a través de un esquema participativo". Incluye anexos. Incluye lista de figuras, tablas y anexos. aIncluye referencia bibliográficas (Páginas 97-104). aAlgunas consideraciones conceptuales que sustentan la propuesta de conformar la cadena de valor de peces ornamentales bajo los principios de biocomercio y comercio justo. Marco normativo de la pesca y comercialización de peces ornamentales. Aspectos biológicos de la cadena de valor de peces ornamentales. Mercado de peces ornamentales. La cadena de valor de los peces ornamentales de Puerto Carreño. Estrategia de competitividad para la cadena de valor de peces ornamentales de Puerto Carreño. 4aPeces ornamentalesx Comercioz Reserva de Biósfera El Tuparro (Vichada, Colombia) 4aDesarrollo sosteniblez Reserva de Biósfera El Tuparro (Vichada, Colombia) 4aReserva de Biósfera El Tuparro (Vichada, Colombia)x Aspectos ambientales.1 aRamírez Gil, Hernando.1 aFalla Ramírez, Patricia, 1 aPoveda Rocha, Johanna, 1 aLozada Perdomo, Paola Andrea1 aAjiaco M., Rosa Elena, efotografías1 aCuervo G., Luisa Fernanda, eilustreciones 2ddccLIBRO an bn c17728d17728 00102ddc40708GENERALIINV2017aBogotabBogotad2015-08-28eInstitutog39000.00l0oLB-639.34 F19cp038733r2015-08-28 00:00:00tEj. 1w2015-08-28xDonaciónyLIBRO 00102ddc40708GENERALIINV2017aVenadobVenadod2016-01-29eInstitutog39000.00l0oLB-639.34 F19cp039642r2016-01-29 00:00:00tEj. 2w2016-01-29xDonaciónyLIBRO